Business objectives : Workbook /
محفوظ في:
| المؤلف الرئيسي: | |
|---|---|
| مؤلفون آخرون: | |
| التنسيق: | Sách giấy |
| اللغة: | English |
| منشور في: |
New York :
Oxford University Press,
1996.
|
| الطبعة: | New ed. |
| الموضوعات: | |
| الوسوم: |
إضافة وسم
لا توجد وسوم, كن أول من يضع وسما على هذه التسجيلة!
|
| Thư viện lưu trữ: | Thư viện Trường Đại học Đà Lạt |
|---|
| LEADER | 00854nam a2200349 4500 | ||
|---|---|---|---|
| 001 | DLU110121006 | ||
| 005 | ##20110510 | ||
| 040 | # | # | |a DLU |b vie |
| 041 | # | # | |a eng |
| 044 | # | # | |a vn |
| 082 | # | # | |a 428 |b HO-V |
| 100 | # | # | |a Hollett, Vicki. |
| 245 | # | # | |a Business objectives : |b Workbook / |c Vicki Hollett, Michael Duckworth. |
| 250 | # | # | |a New ed. |
| 260 | # | # | |a New York : |b Oxford University Press, |c 1996. |
| 300 | # | # | |a 80 p. : |b ill. ; |c 28 cm. |
| 653 | # | # | |a Business English |
| 653 | # | # | |a English language |
| 653 | # | # | |a Textbooks for foreign speakers |
| 700 | # | # | |a Duckworth, Michael. |
| 923 | # | # | |a 01/2011NN |
| 991 | # | # | |a GT |
| 992 | # | # | |a 31000 |
| 993 | # | # | |a 1996 |
| 994 | # | # | |a KNN |
| 900 | # | # | |a True |
| 911 | # | # | |a Nguyễn Thanh Hương |
| 925 | # | # | |a G |
| 926 | # | # | |a A |
| 927 | # | # | |a SH |
| 980 | # | # | |a Thư viện Trường Đại học Đà Lạt |